| 000 | 00821nam a2200229Ia 4500 | ||
|---|---|---|---|
| 003 | GCL | ||
| 008 | 140319s9999 xx 000 0 ara d | ||
| 040 |
_aGCL / _cGCL |
||
| 082 | 0 | 4 |
_aق _b382.60962 _bل ق |
| 100 | 1 | _aليلى الخواجة | |
| 245 | 1 | 0 |
_aقضية الصادرات فى مصر اراء المصدرين / _cليلى الخواجة |
| 250 | _aالاولى | ||
| 260 |
_aالقاهرة : _bمركز بحوث دراسات ودراسات الدول النامية ، _c2002 |
||
| 300 |
_a135ص ؛ _c24سم |
||
| 490 |
_aكتاب الاهرام الاقتصادى _v176 |
||
| 650 | 0 | 4 | _aالتجارة الخارجية |
| 650 | 0 | 4 | _aالتصدير |
| 650 | 0 | 4 | _aالتسويق الدولى |
| 650 | 0 | 4 | _aالاستيراد والتصدير |
| 650 | 0 | 4 | _aالتصدير - مصر |
| 942 |
_2ddc _cBK |
||
| 999 |
_c58538 _d58538 |
||